[Event "Global Economy Memorial Tournament (1800-2000)"]
[Site "SchemingMind.com"]
[Date "2009.02.01"]
[Round "-"]
[White "PankracyRozumek"]
[Black "MarketTheHay"]
[Result "1-0"]
[WhiteCountry "POL"]
[BlackCountry "ENG"]
[WhiteElo "1990"]
[WhiteRD "87"]
[BlackElo "1910"]
[BlackRD "68"]
[GameID "189734"]

1. d4 d5 2. Nf3 e6 3. e3 c6 4. Bd3 Nd7 5. b3 Ngf6 6. O-O Bd6 7. Bb2 O-O 8. Nbd2 Re8 9. Ne5 Qc7 10. f4 b6
11. g4 Re7 12. g5 Ne8 13. Qh5 g6 14. Qh6 Nf8 15. Rf3 Ng7 16. Ng4
1-0

[Event "Global Economy Memorial Tournament (1800-2000)"]
[Site "SchemingMind.com"]
[Date "2009.02.12"]
[Round "-"]
[White "Darko"]
[Black "MarketTheHay"]
[Result "1-0"]
[WhiteCountry "ROU"]
[BlackCountry "ENG"]
[WhiteElo "1987"]
[WhiteRD "78"]
[BlackElo "1785"]
[BlackRD "71"]
[GameID "191115"]

1. e4 e6 2. d4 d5 3. Nc3 Nf6 4. Bg5 Be7 5. e5 Nfd7 6. Bxe7 Qxe7 7. f4 O-O 8. Nf3 c5 9. Qd2 Nc6 10. dxc5 Qxc5
11. O-O-O Nb6 12. Kb1 Bd7 13. Bd3 Ne7 14. Ng5 h6 15. Nf3 Na4 16. Nxa4 Bxa4 17. g4 Bb5 18. Nd4
1-0

[Event "Global Economy Memorial Tournament (1800-2000)"]
[Site "SchemingMind.com"]
[Date "2009.02.12"]
[Round "-"]
[White "Darko"]
[Black "PankracyRozumek"]
[Result "1/2-1/2"]
[WhiteCountry "ROU"]
[BlackCountry "POL"]
[WhiteElo "2038"]
[WhiteRD "78"]
[BlackElo "1879"]
[BlackRD "85"]
[GameID "191116"]

1. e4 Nf6 2. e5 Nd5 3. d4 d6 4. Nf3 dxe5 5. Nxe5 c6 6. Be2 Bf5 7. O-O Nd7 8. c4 Nb4 9. Nd3 Bxd3 10. Bxd3 Nxd3
11. Qxd3 e6 12. Be3 Ne5 13. Qe4 Nxc4 14. Nc3 Nxe3 15. fxe3 Be7 16. Rf3 O-O 17. h4 h6 18. h5 a5 19. b3 Bb4 20. Qc2 Qg5
21. Rh3 f5 22. Ne2 Rae8 23. Nf4 Rf7 24. Qc4 Rfe7 25. Ng6 Rc7 26. a4 Kh7 27. Ne5 c5 28. Nd3 Ree7 29. dxc5 Qf6 30. Rf1 Bxc5
31. Nxc5 b6 32. Qb5 Rxc5 33. Qxb6 Rec7 34. b4 axb4 35. Qxb4 Qe7 36. Rh4 Qd7 37. Qe1 Rc4 38. Qg3 Rxh4 39. Qxh4 Qd3 40. Qg3 Qc4
41. Qg6+=
1/2-1/2

[Event "Global Economy Memorial Tournament (1800-2000)"]
[Site "SchemingMind.com"]
[Date "2009.02.11"]
[Round "-"]
[White "MarketTheHay"]
[Black "Darko"]
[Result "0-1"]
[WhiteCountry "ENG"]
[BlackCountry "ROU"]
[WhiteElo "1804"]
[WhiteRD "66"]
[BlackElo "1948"]
[BlackRD "78"]
[GameID "191117"]

1. e4 c5 2. Nf3 d6 3. d4 cxd4 4. Nxd4 Nf6 5. Nc3 a6 6. Bc4 e6 7. Bb3 Nbd7 8. O-O Nc5 9. Be3 Nfxe4 10. Nxe4 Nxe4
11. Qf3 Nc5 12. Rfe1 Nxb3 13. axb3 Be7 14. Qg3 O-O
0-1

[Event "Global Economy Memorial Tournament (1800-2000)"]
[Site "SchemingMind.com"]
[Date "2009.02.12"]
[Round "-"]
[White "PankracyRozumek"]
[Black "Darko"]
[Result "0-1"]
[WhiteCountry "POL"]
[BlackCountry "ROU"]
[WhiteElo "1861"]
[WhiteRD "84"]
[BlackElo "2052"]
[BlackRD "78"]
[GameID "191118"]

1. d4 Nf6 2. Nf3 g6 3. Nc3 d5 4. Bf4 Bg7 5. e3 O-O 6. Bd3 c5 7. O-O cxd4 8. exd4 Nc6 9. Bb5 Bg4 10. Bxc6 bxc6
11. Re1 Re8 12. h3 Bxf3 13. Qxf3 Qb6 14. Qd3 Qxb2 15. Rab1 Qa3 16. Bc7 e6 17. Rb7 Ne4 18. Nxe4 Qxd3 19. cxd3 dxe4 20. dxe4 Bxd4
21. Rd1 e5 22. Rdb1 c5 23. Kf1 c4 24. Rc1 c3 25. Ke2 Re7 26. Rb8+ Rxb8 27. Bxb8 Rb7
0-1

[Event "Global Economy Memorial Tournament (1800-2000)"]
[Site "SchemingMind.com"]
[Date "2009.02.14"]
[Round "-"]
[White "Frankygolucky"]
[Black "MarketTheHay"]
[Result "1-0"]
[WhiteCountry "GBR"]
[BlackCountry "ENG"]
[WhiteElo "1790"]
[WhiteRD "92"]
[BlackElo "1804"]
[BlackRD "66"]
[GameID "191885"]

1. d4 d5 2. c4 e6 3. Nf3 c6 4. Nc3 Nf6 5. e3 Nbd7 6. Bd3 dxc4 7. Bxc4 b5 8. Bd3 Bb7 9. e4 b4 10. Na4 c5
11. Qe2 Qa5 12. b3
1-0

[Event "Global Economy Memorial Tournament (1800-2000)"]
[Site "SchemingMind.com"]
[Date "2009.02.14"]
[Round "-"]
[White "Frankygolucky"]
[Black "PankracyRozumek"]
[Result "1/2-1/2"]
[WhiteCountry "GBR"]
[BlackCountry "POL"]
[WhiteElo "1811"]
[WhiteRD "83"]
[BlackElo "1884"]
[BlackRD "83"]
[GameID "191886"]

1. d4 Nf6 2. Nf3 e6 3. e3 b6 4. Bd3 Bb7 5. Nbd2 d5 6. O-O Bd6 7. b3 Nbd7 8. Bb2 O-O 9. Ne5 c5 10. c4 cxd4
11. exd4 dxc4 12. Ndxc4 Be7 13. Qe2 Nd5 14. f4 b5 15. Nxd7 bxc4 16. bxc4 Qxd7 17. cxd5 Bxd5 18. Be4 Bf6 19. f5 Bxe4 20. Qxe4 Qd5
21. Qxd5 exd5 22. Rad1 Rab8 23. Ba3 Rfe8 24. Bc5 a6 25. Rb1 h6 26. a4 Ra8 27. g3 Re4 28. Rfd1 h5 29. Rb7 Re2=
1/2-1/2

[Event "Global Economy Memorial Tournament (1800-2000)"]
[Site "SchemingMind.com"]
[Date "2009.02.11"]
[Round "-"]
[White "Frankygolucky"]
[Black "Darko"]
[Result "0-1"]
[WhiteCountry "GBR"]
[BlackCountry "ROU"]
[WhiteElo "1811"]
[WhiteRD "83"]
[BlackElo "1987"]
[BlackRD "78"]
[GameID "191887"]

1. d4 Nf6 2. Nf3 e6 3. e3 c5 4. c3 d5 5. Bd3 Nc6 6. Nbd2 Bd6 7. O-O O-O 8. dxc5 Bxc5 9. e4 Qc7 10. Qe2 h6
11. h3 Nh5 12. Nb3 Ng3 13. Qc2 dxe4 14. Bxe4 Nxe4 15. Qxe4 Bd6 16. Be3 b6 17. Rfe1 Bb7 18. Qg4 f5 19. Qc4 Rf6 20. Nbd4 Nxd4
21. Qxd4 Rd8 22. Qh4 f4 23. Bd4 Rf5 24. Rxe6 Bxf3 25. gxf3 Rg5+ 26. Kh2 Be7 27. Kh1 Rg1+ 28. Rxg1 Bxh4 29. Rxg7+ Qxg7 30. Bxg7 Kxg7
31. Re2 b5 32. a3 Kf6 33. Kg2 Rd6 34. Rc2 Rc6 35. Re2 Kf5 36. Kh2 Rg6 37. Rd2 Ke5 38. Kh1 Be7 39. Re2+ Kf6 40. Re4 Bd6
41. Re2 Rg7 42. Re4 Re7 43. Kg2 Rxe4 44. fxe4 Kg5 45. f3 Bc5 46. Kf1 a5 47. b4 axb4 48. axb4 Bd6 49. Ke2 Kh4 50. Kd3 Kg3
0-1

[Event "Global Economy Memorial Tournament (1800-2000)"]
[Site "SchemingMind.com"]
[Date "2009.02.14"]
[Round "-"]
[White "MarketTheHay"]
[Black "Frankygolucky"]
[Result "1-0"]
[WhiteCountry "ENG"]
[BlackCountry "GBR"]
[WhiteElo "1874"]
[WhiteRD "67"]
[BlackElo "1777"]
[BlackRD "91"]
[GameID "191888"]

1. e4 e6 2. d4 d5 3. Nc3 Nf6 4. e5 Nfd7 5. Nce2 c5 6. c3 Nc6 7. f4 b5 8. Nf3 b4 9. f5 exf5 10. Nf4 Nb6
11. Bb5 Bb7 12. e6 Bd6 13. exf7+ Kxf7 14. O-O a6 15. Bd3 g6 16. h4 h6 17. Nxg6 Kxg6 18. Bxf5+ Kg7 19. Bxh6+ Rxh6 20. Ng5 Bc8
21. Qg4 Rg6 22. Ne6+
1-0

[Event "Global Economy Memorial Tournament (1800-2000)"]
[Site "SchemingMind.com"]
[Date "2009.02.14"]
[Round "-"]
[White "PankracyRozumek"]
[Black "Frankygolucky"]
[Result "1/2-1/2"]
[WhiteCountry "POL"]
[BlackCountry "GBR"]
[WhiteElo "1884"]
[WhiteRD "83"]
[BlackElo "1811"]
[BlackRD "83"]
[GameID "191889"]

1. d4 d5 2. Nf3 Nf6 3. e3 e6 4. Bd3 c5 5. b3 Nc6 6. O-O Rb8 7. Qe2 cxd4 8. exd4 Bd6 9. c3 O-O 10. Bg5 Re8
11. Qc2 h6 12. Bh4 g5 13. Bg3 e5 14. dxe5 Nxe5 15. Nxe5 Bxe5 16. Bxe5 Rxe5 17. Nd2 Bd7 18. Nf3 Re8 19. Rfe1 Qc7 20. Qd2 Ne4
21. Bxe4 dxe4 22. Nxg5 hxg5 23. Qxg5+ Kf8 24. Qh6+ Kg8 25. Qg5+=
1/2-1/2

[Event "Global Economy Memorial Tournament (1800-2000)"]
[Site "SchemingMind.com"]
[Date "2009.02.11"]
[Round "-"]
[White "Darko"]
[Black "Frankygolucky"]
[Result "1-0"]
[WhiteCountry "ROU"]
[BlackCountry "GBR"]
[WhiteElo "1987"]
[WhiteRD "78"]
[BlackElo "1811"]
[BlackRD "83"]
[GameID "191890"]

1. e4 c5 2. Nf3 e6 3. d4 cxd4 4. Nxd4 Nc6 5. Nc3 a6 6. Be2 Nge7 7. Bf4 Ng6 8. Bg3 Be7 9. O-O d6 10. Qd2 O-O
11. Rad1 Qb6 12. Nb3 Rd8 13. Kh1 Qc7 14. f4 e5 15. f5 Nf8 16. Nd5 Qb8 17. Nxe7+ Nxe7 18. Bxe5 Bxf5 19. Bxd6 Qc8 20. exf5 Nxf5
21. Qf4 Nxd6 22. Rxd6 Qxc2 23. Qxf7+
1-0

[Event "Global Economy Memorial Tournament (1800-2000)"]
[Site "SchemingMind.com"]
[Date "2009.02.14"]
[Round "-"]
[White "marble"]
[Black "MarketTheHay"]
[Result "1-0"]
[WhiteCountry "ENG"]
[BlackCountry "ENG"]
[WhiteElo "1977"]
[WhiteRD "57"]
[BlackElo "1804"]
[BlackRD "66"]
[GameID "191900"]

1. e4 e6 2. d4 d5 3. Nc3 Nf6 4. e5 Nfd7 5. f4 c5 6. Nf3 Nc6 7. Be3 cxd4 8. Nxd4 Be7 9. Be2 O-O 10. O-O a6
11. a3 Qc7 12. Qd2 Nb6 13. b3 f5 14. exf6 Bxf6 15. a4 Bd7 16. a5 Nc8 17. Bg4 Nxd4 18. Bxd4 Ne7 19. Na4 Nc6 20. Bb6 Qc8
21. Rae1 Re8 22. Bf2 Nd8 23. Re3 Nf7 24. Nb6 Qd8 25. Nxa8 Qxa8 26. c4
1-0

[Event "Global Economy Memorial Tournament (1800-2000)"]
[Site "SchemingMind.com"]
[Date "2009.02.14"]
[Round "-"]
[White "marble"]
[Black "PankracyRozumek"]
[Result "1-0"]
[WhiteCountry "ENG"]
[BlackCountry "POL"]
[WhiteElo "1977"]
[WhiteRD "57"]
[BlackElo "1929"]
[BlackRD "88"]
[GameID "191901"]

1. e4 Nf6 2. e5 Nd5 3. d4 d6 4. Nf3 dxe5 5. Nxe5 c6 6. Bd3 Nd7 7. Nf3 N7f6 8. O-O Bg4 9. h3 Bh5 10. Be2 e6
11. c4 Nb6 12. Qd3 Qc7 13. Nc3 O-O-O 14. Re1 Bd6 15. a4 a5 16. Qe3 h6 17. c5 Bxc5 18. dxc5 Nbd5 19. Nxd5 Nxd5 20. Qd4 Nb4
21. Qc3 g5 22. Bd2 g4 23. Nh2 f5 24. hxg4 Bg6 25. Bc4 Nd5 26. Bxd5 exd5 27. Re6 Qf7 28. Rd6 f4 29. Qxa5 Rxd6 30. cxd6
1-0

[Event "Global Economy Memorial Tournament (1800-2000)"]
[Site "SchemingMind.com"]
[Date "2009.02.11"]
[Round "-"]
[White "marble"]
[Black "Darko"]
[Result "1/2-1/2"]
[WhiteCountry "ENG"]
[BlackCountry "ROU"]
[WhiteElo "1971"]
[WhiteRD "57"]
[BlackElo "1987"]
[BlackRD "78"]
[GameID "191902"]

1. e4 c5 2. Nf3 d6 3. d4 cxd4 4. Nxd4 Nf6 5. Nc3 a6 6. Be3 e5 7. Nb3 Be6 8. f3 Be7 9. Nd5 Nxd5 10. exd5 Bf5
11. Qd2 Nd7 12. Be2 Rc8 13. Rc1 O-O 14. O-O h6 15. c4 Bg5 16. f4 exf4 17. Bxf4 Bg6 18. Bxg5 Qxg5 19. Qb4 Qe3+ 20. Rf2 Qb6
21. Qxb6 Nxb6 22. h3= Rc7 23. c5 Nxd5 24. Rd1 Nf6 25. cxd6 Rc6 26. Bf3 Ne4 27. Bxe4 Bxe4 28. Na5 Rcc8 29. d7 Rb8 30. Rd4 f5
31. g4 g6 32. Rd6 Kg7 33. Nb3 Kf7 34. Nc5 Bc6 35. gxf5 Ke7 36. Re6+ Kd8 37. Rd2 gxf5 38. Rxh6 Rg8+ 39. Kh2 Ke7 40. Re6+=
1/2-1/2

[Event "Global Economy Memorial Tournament (1800-2000)"]
[Site "SchemingMind.com"]
[Date "2009.02.11"]
[Round "-"]
[White "marble"]
[Black "Frankygolucky"]
[Result "1-0"]
[WhiteCountry "ENG"]
[BlackCountry "GBR"]
[WhiteElo "1915"]
[WhiteRD "56"]
[BlackElo "1777"]
[BlackRD "91"]
[GameID "191903"]

1. e4 e6 2. d4 d5 3. Nc3 Nf6 4. e5 Nfd7 5. f4 c5 6. dxc5 Bxc5 7. Nf3 Nc6 8. Na4 Be7 9. c4 dxc4 10. Bxc4 a6
11. Bb3 O-O 12. O-O b5 13. Nc3 Qb6+ 14. Kh1 Rd8 15. Qe2 Bb7 16. Be3 Bc5 17. Bxc5 Qxc5 18. Ne4 Qb6 19. Nd6 h6 20. f5 Na5
21. fxe6 Nxb3 22. exf7+ Kf8 23. Nh4 Nxe5 24. Ng6+ Nxg6 25. Qe8+ Rxe8 26. fxe8=Q#
1-0

[Event "Global Economy Memorial Tournament (1800-2000)"]
[Site "SchemingMind.com"]
[Date "2009.02.14"]
[Round "-"]
[White "MarketTheHay"]
[Black "marble"]
[Result "0-1"]
[WhiteCountry "ENG"]
[BlackCountry "ENG"]
[WhiteElo "1874"]
[WhiteRD "67"]
[BlackElo "1915"]
[BlackRD "56"]
[GameID "191904"]

1. e4 c5 2. Nf3 g6 3. d3 Bg7 4. c4 d6 5. Nc3 Nf6 6. Bd2 O-O 7. Qc1 Nc6 8. Bh6 Bg4 9. Bxg7 Kxg7 10. Be2 Ne5
11. Nd5 Bxf3 12. gxf3 e6 13. Ne3 Nh5 14. Ng4 Nc6 15. Qh6+ Kh8 16. f4 Qa5+ 17. Kf1 Qd2 18. Ne3 Qxb2 19. Re1 Nf6 20. f5 Nd4
21. Rg1 Nxe2 22. Rxe2 Qb1+ 23. Kg2 Qxd3
0-1

[Event "Global Economy Memorial Tournament (1800-2000)"]
[Site "SchemingMind.com"]
[Date "2009.02.14"]
[Round "-"]
[White "PankracyRozumek"]
[Black "marble"]
[Result "0-1"]
[WhiteCountry "POL"]
[BlackCountry "ENG"]
[WhiteElo "1884"]
[WhiteRD "83"]
[BlackElo "1971"]
[BlackRD "57"]
[GameID "191905"]

1. d4 Nf6 2. Nf3 d5 3. e3 e6 4. Bd3 c5 5. b3 Nc6 6. O-O cxd4 7. exd4 Be7 8. Bb2 O-O 9. Nbd2 Nb4 10. Be2 Qc7
11. a3 Nc6 12. Bd3 b6 13. Qe2 Bb7 14. Rac1 Rfd8 15. Rfe1 Rac8 16. c4 g6 17. h3 Nh5 18. cxd5 Nf4 19. Qf1 Nxd3 20. dxc6 Nxe1
21. Qxe1 Bxc6 22. Ne5 Qb7 23. Nxc6 Rxc6 24. Nc4 Rcc8 25. Qe3 Bf6 26. a4 Qd5 27. Rd1 e5 28. Qg3 exd4 29. Qf4 Rc6 30. Rd3 a6
31. Qf3 Qxf3 32. Rxf3 b5 33. axb5 axb5 34. Nd2 Bg7 35. Rd3 Rc2 36. Ba3 Ra2 37. Bc5 Ra1+ 38. Kh2 Rd1 39. g3 Rc1 40. b4 Rc3
0-1

[Event "Global Economy Memorial Tournament (1800-2000)"]
[Site "SchemingMind.com"]
[Date "2009.02.11"]
[Round "-"]
[White "Darko"]
[Black "marble"]
[Result "0-1"]
[WhiteCountry "ROU"]
[BlackCountry "ENG"]
[WhiteElo "1948"]
[WhiteRD "78"]
[BlackElo "1977"]
[BlackRD "57"]
[GameID "191906"]

1. e4 c5 2. Nf3 g6 3. d4 cxd4 4. Nxd4 Bg7 5. Nc3 d6 6. Be3 Nf6 7. f3 O-O 8. Qd2 Nc6 9. O-O-O Nxd4 10. Bxd4 Qa5
11. Kb1 Rd8 12. g4 Be6 13. h4 b5 14. Bxb5 Bxa2+ 15. Nxa2 Qxb5 16. Qb4 Qd7 17. h5 Rab8
0-1

[Event "Global Economy Memorial Tournament (1800-2000)"]
[Site "SchemingMind.com"]
[Date "2009.02.11"]
[Round "-"]
[White "Frankygolucky"]
[Black "marble"]
[Result "0-1"]
[WhiteCountry "GBR"]
[BlackCountry "ENG"]
[WhiteElo "1777"]
[WhiteRD "91"]
[BlackElo "1915"]
[BlackRD "56"]
[GameID "191907"]

1. d4 Nf6 2. c4 g6 3. Nc3 Bg7 4. e4 d6 5. f3 O-O 6. Be3 e5 7. d5 Na6 8. Qd2 Nc5 9. b4 Ncd7 10. h4 a5
11. b5 Nh5 12. g4 Ng3 13. Rh3 Nxf1 14. Kxf1 Nb6 15. Bxb6 cxb6 16. Qg2 Qc7 17. Qe2 Bd7 18. Rg3 Rac8 19. Na4 f5 20. gxf5 gxf5
21. Rc1 Bxb5
0-1

[Event "Global Economy Memorial Tournament (1800-2000)"]
[Site "SchemingMind.com"]
[Date "2009.02.16"]
[Round "-"]
[White "smothered mate"]
[Black "MarketTheHay"]
[Result "1-0"]
[WhiteCountry "POL"]
[BlackCountry "ENG"]
[WhiteElo "1888"]
[WhiteRD "58"]
[BlackElo "1765"]
[BlackRD "75"]
[GameID "191913"]

1. e4 e5 2. Nf3 Nc6 3. Bb5 Nf6 4. O-O Nxe4 5. Re1 Nd6 6. Nxe5 Nxe5 7. Rxe5+ Be7 8. Bf1 f6 9. Re1 O-O 10. d4 Nf7
11. Bd3 d5 12. c4 c6 13. Nc3 dxc4 14. Bxc4 b5 15. Bb3 Bf5 16. Qf3 Qd7 17. g4 Bxg4 18. Rxe7 Qxe7 19. Qxg4 Kh8 20. Be3 a5
21. Rc1 a4 22. Bd1 Nd6 23. Qg2 Nc4 24. Ne4 f5 25. Rxc4 bxc4 26. Nc5 f4 27. Bd2 Rad8 28. Bc3 Qxc5 29. Bxa4 Qd5 30. Bxc6 Qxg2+
31. Kxg2 g5 32. a4 Rd6 33. d5+ Kg8 34. Kf3 Rxc6 35. dxc6 Rc8 36. Bf6 h6 37. h4 gxh4 38. Bxh4 Rxc6 39. Bd8
1-0

[Event "Global Economy Memorial Tournament (1800-2000)"]
[Site "SchemingMind.com"]
[Date "2009.02.16"]
[Round "-"]
[White "smothered mate"]
[Black "marble"]
[Result "1/2-1/2"]
[WhiteCountry "POL"]
[BlackCountry "ENG"]
[WhiteElo "1868"]
[WhiteRD "56"]
[BlackElo "1971"]
[BlackRD "57"]
[GameID "191914"]

1. e4 c5 2. c3 e6 3. d4 d5 4. e5 Nc6 5. Nf3 Bd7 6. Be2 Nh6 7. O-O Qb6 8. dxc5 Bxc5 9. b4 Be7 10. Bxh6 gxh6
11. Qd2 h5 12. a4 h4 13. Qh6 O-O-O 14. a5 Qc7 15. Qe3 h3 16. b5 hxg2 17. Rd1 Nxa5 18. Qxa7 b6 19. Rxa5 bxa5 20. Qa8+ Qb8
21. Qxa5 Bc5 22. Nd4 Qa7 23. Qa6+ Qxa6 24. bxa6 Bxd4 25. cxd4 Rhg8 26. Nd2 Kc7 27. Nb3 Rb8 28. Rc1+ Kb6 29. Nc5 Bc8 30. Bd3 Ra8
31. Bxh7 Rg4 32. Rb1+ Ka7 33. Bd3 Rxd4 34. Kxg2 Rb8 35. Rh1 Rb6 36. h4 Rc6 37. Rc1 Rxh4 38. Kg3 Rh5 39. f4 Rh8 40. Kg4 Rh2
41. Kg5 Rc7 42. Kf6 Rh4 43. Kg5 Rh2=
1/2-1/2

[Event "Global Economy Memorial Tournament (1800-2000)"]
[Site "SchemingMind.com"]
[Date "2009.02.16"]
[Round "-"]
[White "smothered mate"]
[Black "PankracyRozumek"]
[Result "1-0"]
[WhiteCountry "POL"]
[BlackCountry "POL"]
[WhiteElo "1888"]
[WhiteRD "58"]
[BlackElo "1861"]
[BlackRD "84"]
[GameID "191915"]

1. e4 Nf6 2. e5 Nd5 3. c4 Nb6 4. d4 d6 5. exd6 cxd6 6. d5 e6 7. Nc3 exd5 8. cxd5 N8d7 9. Nf3 Nf6 10. Bg5 Be7
11. Bxf6 Bxf6 12. Be2 O-O 13. O-O a6 14. Rc1 Nd7 15. b4 b5 16. Ne4 Nb6 17. Rc6 Be7 18. Qd4 Rb8 19. Rfc1 Re8 20. Bd3 f5
21. Ng3 Bf6 22. Qf4 g5 23. Qxd6 Nxd5 24. Nxf5 Qxd6 25. Nxd6 Bd7 26. Nxe8 Bxe8 27. R6c5 Nxb4 28. Bf5 Kh8 29. Bb1 h6 30. a3 Be7
31. axb4 Rd8 32. Rc8
1-0

[Event "Global Economy Memorial Tournament (1800-2000)"]
[Site "SchemingMind.com"]
[Date "2009.02.16"]
[Round "-"]
[White "smothered mate"]
[Black "Darko"]
[Result "0-1"]
[WhiteCountry "POL"]
[BlackCountry "ROU"]
[WhiteElo "1888"]
[WhiteRD "58"]
[BlackElo "2052"]
[BlackRD "78"]
[GameID "191916"]

1. e4 c6 2. d4 d5 3. exd5 cxd5 4. c4 Nf6 5. Nc3 e6 6. Nf3 Bb4 7. cxd5 Nxd5 8. Qc2 O-O 9. Bd3 h6 10. O-O Nc6
11. a3 Be7 12. Qe2 Re8 13. Bc2 Bf8 14. Re1 Bd7 15. Qd3 g6 16. h4 h5 17. Bb3 Nxc3 18. bxc3 Bg7 19. Bg5 Qc7 20. Nd2 b5
21. Bc2 Rac8 22. Bb1 Ne7 23. Ne4 Nd5 24. Nc5 Bf8 25. Ne4 f5 26. Nf6+ Nxf6 27. Bxf6 Qxc3 28. Qxc3 Rxc3 29. d5 Rxa3 30. Ba2 Kf7
31. Bb2 Ra4 32. dxe6+ Bxe6 33. Rxe6 Rxe6 34. Bxe6+ Kxe6 35. Rxa4 bxa4 36. Kf1 a3 37. Bd4 Be7 38. Ke2 Bf6
0-1

[Event "Global Economy Memorial Tournament (1800-2000)"]
[Site "SchemingMind.com"]
[Date "2009.02.16"]
[Round "-"]
[White "smothered mate"]
[Black "Frankygolucky"]
[Result "1/2-1/2"]
[WhiteCountry "POL"]
[BlackCountry "GBR"]
[WhiteElo "1868"]
[WhiteRD "56"]
[BlackElo "1811"]
[BlackRD "83"]
[GameID "191917"]

1. e4 e6 2. d4 d5 3. e5 c5 4. c3 Nc6 5. Nf3 Bd7 6. Be2 Nge7 7. Na3 cxd4 8. cxd4 Nf5 9. Nc2 Qa5+ 10. Bd2 Qb6
11. Bc3 Be7 12. O-O a5 13. a4 Bb4 14. Bxb4 Nxb4 15. Nxb4 Qxb4 16. b3 Rc8 17. g4 Ne7 18. Rb1 O-O 19. Qd2 Nc6 20. Bb5 Nxe5
21. Qxb4 Nxf3+ 22. Kg2 axb4 23. Bxd7 Rc7 24. Kxf3 Rxd7 25. Rbc1 f6 26. Rc5 e5 27. Rfc1 e4+ 28. Ke3 f5 29. Rb5 fxg4 30. Rxb4 Rf3+
31. Ke2 Rh3 32. Rh1 Rc7 33. Rg1 Rxh2 34. Rxg4 Rc2+ 35. Kd1 Rhxf2 36. Rxb7 Rcd2+= 37. Ke1 Rde2+=
1/2-1/2

[Event "Global Economy Memorial Tournament (1800-2000)"]
[Site "SchemingMind.com"]
[Date "2009.02.16"]
[Round "-"]
[White "MarketTheHay"]
[Black "smothered mate"]
[Result "0-1"]
[WhiteCountry "ENG"]
[BlackCountry "POL"]
[WhiteElo "1804"]
[WhiteRD "66"]
[BlackElo "1928"]
[BlackRD "56"]
[GameID "191918"]

1. e4 e5 2. Bc4 Nf6 3. d4 exd4 4. Nf3 Bb4+ 5. c3 dxc3 6. Nxc3 O-O 7. O-O Bxc3 8. bxc3 Nxe4 9. Qd3 Nc5 10. Qc2 d5
11. Ng5 g6 12. Rd1 c6 13. Bf1 Bf5 14. Qb2 Qb6 15. Qa3 Ne6 16. Be3 Qc7 17. Qb4 Nd7 18. Qh4 Nxg5 19. Bxg5 f6 20. Bh6 Rfe8
21. c4 Re4 22. Qg3 Qxg3 23. fxg3 Nb6 24. cxd5 cxd5 25. Rac1 Rae8 26. Bd3 R4e7 27. Bxf5 gxf5 28. Rf1 Kf7 29. Rxf5 Kg6
0-1

[Event "Global Economy Memorial Tournament (1800-2000)"]
[Site "SchemingMind.com"]
[Date "2009.02.16"]
[Round "-"]
[White "marble"]
[Black "smothered mate"]
[Result "1/2-1/2"]
[WhiteCountry "ENG"]
[BlackCountry "POL"]
[WhiteElo "1971"]
[WhiteRD "57"]
[BlackElo "1868"]
[BlackRD "56"]
[GameID "191919"]

1. e4 c5 2. Nf3 d6 3. d4 cxd4 4. Nxd4 Nf6 5. Nc3 g6 6. Be3 Bg7 7. Bc4 O-O 8. O-O Nc6 9. Nxc6 bxc6 10. f3 Be6
11. Bxe6 fxe6 12. Qd3 Qc7 13. Ne2 Rfb8 14. b3 a5 15. Nd4 Qc8 16. Qc4 Kf7 17. Nxc6 Rb7 18. Nxa5 Rc7 19. Qb5 Rxc2 20. Rac1 Nd7
21. Kh1 Ne5 22. a4 Qc3 23. Bd4 Qd2 24. Rxc2 Qxc2 25. Bxe5 Bxe5 26. Nc4 Bf4 27. g3 Be5 28. Nxe5+ dxe5 29. Qb6 Rc8 30. Rf2 Qd1+
31. Kg2 Rc3 32. f4 Qxb3 33. fxe5+ Ke8 34. Qa5 Qc4 35. Kh3 h6 36. Qa8+ Qc8 37. Qa7 Qc7 38. Qd4=
1/2-1/2

[Event "Global Economy Memorial Tournament (1800-2000)"]
[Site "SchemingMind.com"]
[Date "2009.02.16"]
[Round "-"]
[White "PankracyRozumek"]
[Black "smothered mate"]
[Result "1-0"]
[WhiteCountry "POL"]
[BlackCountry "POL"]
[WhiteElo "1879"]
[WhiteRD "85"]
[BlackElo "1869"]
[BlackRD "55"]
[GameID "191920"]

1. d4 d5 2. Nf3 c5 3. c4 e6 4. cxd5 exd5 5. Nc3 Nc6 6. g3 Nf6 7. Bg2 Be7 8. O-O O-O 9. Bg5 c4 10. Ne5 Be6
11. b3 Qa5 12. Qd2 Rad8 13. bxc4 Nxd4 14. Qxd4 dxc4 15. Qe3 Bc5 16. Qf4 Qxc3 17. Bxf6 gxf6 18. Qxf6 h6 19. Be4 Qd4 20. Bxb7 Bh3
21. Qxh6 Bxf1 22. Qg5+ Kh7 23. Rxf1 Rde8 24. Qf5+ Kg7 25. Nd7 Re6 26. Nxf8 Kxf8 27. e3 Qd6 28. Bd5 Rf6 29. Qc8+ Kg7 30. Bxc4 Bb6
31. Qg4+ Kf8 32. Rd1 Qb4 33. h4 Qb2 34. Qe2 Qa3 35. Bb3 a5 36. Rd2 a4 37. Bd5 Qc1+ 38. Qd1 Qc8 39. Qxa4 Qh3 40. Bxf7 Kxf7
41. Rd7+ Ke6 42. Qc6+ Kf5 43. Qd5+ Kg4 44. Rg7+
1-0

[Event "Global Economy Memorial Tournament (1800-2000)"]
[Site "SchemingMind.com"]
[Date "2009.02.16"]
[Round "-"]
[White "Darko"]
[Black "smothered mate"]
[Result "1-0"]
[WhiteCountry "ROU"]
[BlackCountry "POL"]
[WhiteElo "2052"]
[WhiteRD "78"]
[BlackElo "1888"]
[BlackRD "58"]
[GameID "191921"]

1. e4 e5 2. f4 Bc5 3. Nf3 d6 4. Nc3 Nc6 5. Bb5 Bd7 6. Na4 Bb6 7. Nxb6 axb6 8. d3 Nge7 9. O-O O-O 10. f5 f6
11. Bc4+ Kh8 12. a3 Nb8 13. Nh4 Qe8 14. Qf3 g5 15. fxg6 Nxg6 16. Nf5 Be6 17. Bh6 Rf7 18. Bg7+ Kg8 19. Bxf6 Nf4 20. Nh6+ Kf8
21. Nxf7 Qxf7 22. Bxe6 Qxe6 23. Bg5 Nc6 24. g3 Nd4 25. Qf2 Qg4 26. Bxf4 Ne2+ 27. Kh1 exf4 28. gxf4 c5 29. c3 c4 30. dxc4 Re8
31. e5
1-0